top selling nba jerseys each state 2021-2022 - Statistics

General Stats
  • This quiz has been taken 226 times
    207 since last reset
  • The average score is 37 of 50
Answer Stats
Hint Answer % Correct
california lebron james
98%
connecticut lebron james
98%
florida lebron james
98%
hawaii lebron james
98%
indiana lebron james
98%
iowa lebron james
98%
kansas lebron james
98%
kentucky lebron james
98%
louisiana lebron james
98%
maryland lebron james
98%
minnesota lebron james
98%
mississippi lebron james
98%
missouri lebron james
98%
nebraska lebron james
98%
nevada lebron james
98%
new hampshire lebron james
98%
new jersey lebron james
98%
new mexico lebron james
98%
new york lebron james
98%
north carolina lebron james
98%
ohio lebron james
98%
oklahoma lebron james
98%
rhode island lebron james
98%
south carolina lebron james
98%
tennesee lebron james
98%
texas lebron james
98%
vermont lebron james
98%
virginia lebron james
98%
washington lebron james
98%
wyoming lebron james
98%
wisconsin giannis antetokounmpo
77%
colorado nikola jokic
71%
massachusetts jayson tatum
68%
delaware michael jordan
67%
illinois michael jordan
67%
south dakota michael jordan
67%
georgia trae young
55%
oregon damian lillard
54%
utah donovan mitchell
52%
alaska kobe bryant
51%
north dakota kobe bryant
51%
pennsylvania allen iverson
32%
arizona steve nash
21%
arkansas scottie pippen
18%
maine vince carter
13%
west virginia vince carter
13%
michigan grant hill
8%
montana yao ming
6%
idaho steve smith
4%
alabama mike bibby
3%
No matching quizzes found
Score Distribution
Percent of People with Each Score
Percentile by Number Answered
Your Score History
You have not taken this quiz since the last reset